Retailing critical concepts

Bibliographic Details
Main Author: Findlay, Anne M.
Format: Book
Published: London : Rouledge , 2002
Edition:vol II
Subjects:

MARC

LEADER 00000cam a2200000 7i4500
001 0000010721
005 20050419.0
020 |a 0415087201 
040 |a INS 
090 0 0 |a HF5429.   |b R479 2002 
100 1 |a Findlay, Anne M. 
245 1 0 |a Retailing critical concepts   |c Anne M. Findlay 
250 |a vol II 
260 |a London :   |b Rouledge ,   |c 2002 
300 |a vi,487p ;   |c 24cm. 
650 0 0 |a Retail trade 
999 |a 0000009701   |b BOOK   |c Open Shelf   |e Default branch